[Event "Bad Woerishofen op"]
[Site "?"]
[Date "2008.03.03"]
[Round "5"]
[White "Lupor, Andre"]
[Black "Hempel, Olaf Dr"]
[Result "1-0"]
[WhiteElo "2308"]
[BlackElo "2147"]
[PlyCount "83"]
[EventDate "2008.??.??"]
 
1. d4 Nf6 2. c4 g6 3. Nc3 d5 4. Nf3 Bg7 5. Bg5 Ne4 6. Bf4 Nxc3 7. bxc3 c5 8. e3
cxd4 9. cxd4 O-O 10. cxd5 Qxd5 11. Be2 Qa5+ 12. Qd2 Qxd2+ 13. Kxd2 Nc6 14. Rhc1
Bf5 15. Bd3 Bxd3 16. Kxd3 Nb4+ 17. Kd2 Nd5 18. Bg3 Rfc8 19. Rab1 b6 20. Ne5 f6
21. Nd3 Bh6 22. a3 Kf8 23. Nb4 Nxb4 24. axb4 Ke8 25. b5 Kd7 26. Rxc8 Rxc8 27.
Ra1 Ra8 28. d5 Bf8 29. Rc1 Rc8 30. Rc6 Rxc6 31. dxc6+ Kc8 32. Kd3 e6 33. Kc4
Bc5 34. e4 g5 35. f3 h5 36. h3 Be7 37. Bh2 Bc5 38. f4 gxf4 39. Bxf4 Be7 40. g4
hxg4 41. hxg4 e5 42. Bh6 1-0

[Event "Bad Woerishofen op"]
[Site "?"]
[Date "2008.03.03"]
[Round "5"]
[White "Vogel, Robert"]
[Black "Gurack, Daniel"]
[Result "1-0"]
[WhiteElo "2294"]
[BlackElo "2152"]
[PlyCount "39"]
[EventDate "2008.??.??"]
 
1. d4 e6 2. g3 d5 3. Bg2 Nf6 4. Nf3 Be7 5. O-O O-O 6. c4 dxc4 7. Ne5 c5 8. dxc5
Nfd7 9. Nxc4 Nxc5 10. Nc3 Nc6 11. Bf4 Qxd1 12. Rfxd1 Bd7 13. Bd6 Bxd6 14. Rxd6
Rfe8 15. Rad1 Re7 16. Ne4 Nxe4 17. Rxd7 f5 18. Rxe7 Nxe7 19. Rd7 b5 20. Nd6 1-0

[Event "Bad Woerishofen op"]
[Site "?"]
[Date "2008.03.03"]
[Round "5"]
[White "Galje, Hans"]
[Black "Strasser, Josef"]
[Result "1-0"]
[WhiteElo "2118"]
[BlackElo "1955"]
[PlyCount "45"]
[EventDate "2008.??.??"]
 
1. d4 Nf6 2. c4 e6 3. Nc3 Bb4 4. e3 O-O 5. Nge2 d5 6. a3 Be7 7. cxd5 exd5 8. b4
b6 9. Ng3 Re8 10. Be2 c6 11. O-O Bb7 12. Qb3 b5 13. f3 Nbd7 14. e4 Nb6 15. e5
Nfd7 16. f4 g6 17. f5 f6 18. fxg6 hxg6 19. Bd3 Kg7 20. Bxg6 Rh8 21. Qc2 Nf8 22.
Nh5+ Kg8 23. exf6 1-0

[Event "Bad Woerishofen op"]
[Site "?"]
[Date "2008.03.03"]
[Round "5"]
[White "Eschle, Hubert"]
[Black "Pichl, Michael"]
[Result "0-1"]
[WhiteElo "1935"]
[BlackElo "2077"]
[PlyCount "20"]
[EventDate "2008.??.??"]
 
1. e4 c5 2. Nf3 g6 3. d4 Bg7 4. Nc3 cxd4 5. Nxd4 Nc6 6. Be3 Nf6 7. Be2 O-O 8.
O-O d6 9. f4 Qb6 10. Qd2 Nxe4 0-1

[Event "Bad Woerishofen op"]
[Site "?"]
[Date "2008.03.03"]
[Round "5"]
[White "Schaefer, Michael"]
[Black "Taufratshofer, Martin"]
[Result "1/2-1/2"]
[WhiteElo "2219"]
[BlackElo "2038"]
[PlyCount "22"]
[EventDate "2008.??.??"]
 
1. d4 d5 2. c4 c6 3. Nf3 Bf5 4. Nc3 e6 5. e3 Nf6 6. Nh4 Bg4 7. Qb3 Qb6 8. h3
Bh5 9. g4 Bg6 10. Nxg6 hxg6 11. Bg2 Be7 1/2-1/2

[Event "Bad Woerishofen sen"]
[Site "?"]
[Date "2008.03.??"]
[Round "5"]
[White "Straub, Peter"]
[Black "Weigel, Herbert"]
[Result "1/2-1/2"]
[WhiteElo "2137"]
[BlackElo "2135"]
[PlyCount "94"]
[EventDate "2008.??.??"]
 
1. e4 e5 2. d4 exd4 3. Qxd4 Nc6 4. Qe3 d6 5. Bd2 Nf6 6. Nc3 g6 7. O-O-O Bg7 8.
h3 O-O 9. f4 Re8 10. Qf2 Nxe4 11. Nxe4 Rxe4 12. Bd3 Re8 13. Ne2 d5 14. g4 a5
15. Bc3 Nb4 16. Bxg7 Kxg7 17. a3 Nxd3+ 18. Rxd3 c6 19. Ng3 b5 20. g5 Be6 21.
Ne4 dxe4 22. Rxd8 Rexd8 23. h4 Bg4 24. h5 gxh5 25. f5 Rd5 26. f6+ Kg6 27. Qf4
Bf3 28. Rg1 Rad8 29. b3 Re8 30. Kb2 Bg4 31. Re1 Rf5 32. Qd6 Re6 33. Qf8 Kxg5
34. Qg7+ Kf4 35. Qxf7 Rfxf6 36. Qc7+ Kg5 37. Qxh7 e3 38. Qg8+ Rg6 39. Qd8+ Rgf6
40. a4 e2 41. axb5 cxb5 42. Qd5+ Kh6 43. Qxb5 Rf5 44. Qc4 Rfe5 45. Qf4+ Kg7 46.
Qc4 Kf7 47. Qf4+ Ke7 1/2-1/2

[Event "Bad Woerishofen sen"]
[Site "?"]
[Date "2008.03.??"]
[Round "5"]
[White "Hoennekes, Klaus"]
[Black "Ljubarskij, Juri"]
[Result "0-1"]
[WhiteElo "2144"]
[BlackElo "2317"]
[PlyCount "110"]
[EventDate "2008.??.??"]
 
1. d4 d5 2. Bf4 c6 3. e3 Nf6 4. h3 Qb6 5. b3 a5 6. Bd3 a4 7. Bxb8 axb3 8. cxb3
Rxb8 9. Ne2 e6 10. O-O Bd6 11. Nbc3 e5 12. Rc1 Ra8 13. dxe5 Bxe5 14. Bb1 O-O
15. Kh1 Re8 16. Nd4 Bd7 17. Nf3 Bd6 18. Na4 Qd8 19. Qd4 Bc7 20. Rcd1 b6 21. Nc3
c5 22. Qh4 Bc6 23. e4 Nxe4 24. Qxd8 Raxd8 25. Nxe4 dxe4 26. Rxd8 Bxd8 27. Nd2
e3 28. fxe3 Rxe3 29. Nf3 Bf6 30. Re1 Rxe1+ 31. Nxe1 b5 32. Kg1 Kf8 33. Kf1 Ke7
34. Ke2 g6 35. Nf3 Kd6 36. Kd3 Bd5 37. Ke3 Bg7 38. Bc2 Bh6+ 39. Ke2 c4 40. g3
Kc5 41. Ne5 Be6 42. bxc4 bxc4 43. g4 Bf4 44. Nf3 Bd5 45. Ne1 Kb4 46. Bd1 Be4
47. Nc2+ Kc3 48. Ne3 g5 49. a4 Bd3+ 50. Kf2 Kd2 51. Nxc4+ Bxc4 52. Bf3 Be3+ 53.
Kg3 Bb6 54. Be4 Bc5 55. Bc6 Ke3 0-1

[Event "Bad Woerishofen sen"]
[Site "?"]
[Date "2008.03.??"]
[Round "5"]
[White "Hein, Manfred"]
[Black "Weinwurm, Wolfgang Dr"]
[Result "1/2-1/2"]
[WhiteElo "2137"]
[BlackElo "2177"]
[PlyCount "109"]
[EventDate "2008.??.??"]
 
1. e4 e5 2. Nf3 Nc6 3. Bb5 a6 4. Ba4 Nf6 5. Bxc6 dxc6 6. d3 Bc5 7. h3 Qe7 8.
Bg5 Qe6 9. Nbd2 b5 10. Bh4 O-O 11. Bg3 Bd6 12. O-O Re8 13. Re1 c5 14. d4 cxd4
15. Nxd4 exd4 16. e5 Bb7 17. exd6 Qd5 18. Nf3 c5 19. b4 Rxe1+ 20. Qxe1 Ne4 21.
bxc5 Qxc5 22. Bh2 Qd5 23. h4 Nxd6 24. Qe7 Nf5 25. Qe5 Qxe5 26. Nxe5 Rc8 27. Rc1
Be4 28. f3 Bxc2 29. Nd3 Rc4 30. Nb2 Rc3 31. h5 f6 32. Bf4 Kf7 33. Bd2 Rc6 34.
Nd3 Rc4 35. Nb2 Rc8 36. Nd3 Ne7 37. Nb4 Bf5 38. Nxa6 Rxc1+ 39. Bxc1 Nd5 40. a3
Nc3 41. Kf2 Ke6 42. Ke1 Kd6 43. Kd2 Kd5 44. Nc7+ Kc4 45. Ne8 Kb3 46. Nxg7 Nb1+
47. Ke1 Bd7 48. h6 Kc2 49. Bf4 d3 50. Nh5 d2+ 51. Bxd2 Nxd2 52. Nxf6 Bf5 53.
Nd5 Bd3 54. Nb4+ Kc3 55. Nd5+ 1/2-1/2

[Event "Bad Woerishofen sen"]
[Site "?"]
[Date "2008.03.??"]
[Round "5"]
[White "Dahlhaus, Friedhelm"]
[Black "Neese, Hans-Joachim"]
[Result "1/2-1/2"]
[WhiteElo "2123"]
[BlackElo "2306"]
[PlyCount "45"]
[EventDate "2008.??.??"]
 
1. e4 c5 2. Nf3 d6 3. d4 cxd4 4. Nxd4 Nf6 5. Nc3 a6 6. Bg5 Nbd7 7. f4 e6 8. Qf3
Qc7 9. O-O-O b5 10. e5 Bb7 11. Qh3 dxe5 12. Nxe6 fxe6 13. Qxe6+ Be7 14. Bxf6
gxf6 15. Be2 h5 16. Nd5 Bxd5 17. Rxd5 Rc8 18. Qf5 exf4 19. Bxh5+ Rxh5 20. Qxh5+
Kf8 21. Qh8+ Kf7 22. Qh7+ Kf8 23. Qh8+ 1/2-1/2

[Event "Bad Woerishofen sen"]
[Site "?"]
[Date "2008.03.??"]
[Round "5"]
[White "Minz, Michael"]
[Black "Schumacher, Helmut"]
[Result "1/2-1/2"]
[WhiteElo "2178"]
[BlackElo "1898"]
[PlyCount "53"]
[EventDate "2008.??.??"]
 
1. e4 e6 2. d4 d5 3. Nc3 Bb4 4. exd5 exd5 5. Qf3 Qe7+ 6. Nge2 Nc6 7. Be3 Nf6 8.
h3 Ne4 9. a3 Bxc3+ 10. bxc3 O-O 11. c4 dxc4 12. Rd1 Re8 13. Ng3 Nxg3 14. Qxg3
Qxa3 15. Be2 Qb4+ 16. Rd2 c3 17. Rd3 Bf5 18. O-O Bxd3 19. Bxd3 Qd6 20. Bf4 Qxd4
21. Rd1 g6 22. Kh2 Qg7 23. Qh4 Rad8 24. Bh6 Qe5+ 25. Bf4 Qe7 26. Bg5 Qe5+ 27.
f4 1/2-1/2

[Event "Bad Woerishofen sen"]
[Site "?"]
[Date "2008.03.??"]
[Round "5"]
[White "Weyrauch, Erich"]
[Black "Trefzer, Erhard"]
[Result "1-0"]
[WhiteElo "2130"]
[BlackElo "2088"]
[PlyCount "107"]
[EventDate "2008.??.??"]
 
1. e4 e6 2. d4 d5 3. Nc3 Nf6 4. Bg5 dxe4 5. Nxe4 Nbd7 6. Nf3 Be7 7. Ng3 c5 8.
Be2 Qa5+ 9. c3 cxd4 10. Qxd4 e5 11. Qd2 O-O 12. O-O Qc7 13. Nf5 Nc5 14. Nxe7+
Qxe7 15. Bxf6 gxf6 16. Rad1 Bf5 17. Qe3 a6 18. Nh4 Bc2 19. Rd2 Bg6 20. f4 f5
21. fxe5 Ne4 22. Nxg6 hxg6 23. Rd5 Rad8 24. Rfd1 Rxd5 25. Rxd5 Rd8 26. Rxd8+
Qxd8 27. Bf3 Qe7 28. Qd4 Qg5 29. Bxe4 Qc1+ 30. Kf2 Qxb2+ 31. Kg3 fxe4 32. a4
Qb1 33. Kg4 Qc2 34. Kh3 Kh7 35. Kg3 g5 36. e6 f5 37. e7 f4+ 38. Kg4 Qxg2+ 39.
Kf5 Qh3+ 40. Ke5 Qc8 41. Qxe4+ Kg7 42. Kd6 Qe8 43. Qe5+ Kg6 44. Qe6+ Kg7 45.
Kc7 b5 46. axb5 axb5 47. Kd6 Qb8+ 48. Kd5 Qe8 49. Ke4 b4 50. cxb4 f3 51. Kxf3
Qa8+ 52. Qe4 g4+ 53. Kf4 Qe8 54. Qe6 1-0

[Event "Bad Woerishofen sen"]
[Site "?"]
[Date "2008.03.??"]
[Round "5"]
[White "Baum, Bernd Dr"]
[Black "Gudat, Alfons"]
[Result "1/2-1/2"]
[WhiteElo "2204"]
[BlackElo "2086"]
[PlyCount "62"]
[EventDate "2008.??.??"]
 
1. Nc3 d5 2. d4 Nf6 3. Bg5 Nbd7 4. Qd3 c6 5. e4 dxe4 6. Nxe4 Nxe4 7. Qxe4 Qa5+
8. Bd2 Qd5 9. Qxd5 cxd5 10. Nf3 g6 11. Bd3 Bg7 12. O-O O-O 13. Rfe1 Re8 14. Bb4
e5 15. dxe5 Nxe5 16. Nxe5 Rxe5 17. c3 Be6 18. Bc5 b6 19. Be3 Bd7 20. Kf1 Rae8
21. Bf4 Rxe1+ 22. Rxe1 Rxe1+ 23. Kxe1 b5 24. Be3 a6 25. Kd2 Kf8 26. Kc2 Ke8 27.
Bc5 Kd8 28. Kb3 Kc7 29. Kb4 Kc6 30. Be3 Be5 31. Ka5 Bc8 1/2-1/2

[Event "Bad Woerishofen sen"]
[Site "?"]
[Date "2008.03.??"]
[Round "5"]
[White "Budt, Karl-Heinz"]
[Black "Dallmeier, Gerhard"]
[Result "1-0"]
[WhiteElo "2143"]
[BlackElo "1818"]
[PlyCount "97"]
[EventDate "2008.??.??"]
 
1. c4 Nf6 2. d4 g6 3. Nc3 Bg7 4. e4 d6 5. Be2 O-O 6. Nf3 Nbd7 7. O-O e5 8. d5
Nc5 9. Bg5 a5 10. Nd2 h6 11. Be3 Nfd7 12. Qc2 f5 13. exf5 gxf5 14. f4 e4 15.
Nb3 Nxb3 16. axb3 Nf6 17. b4 c6 18. bxa5 Rxa5 19. b4 Rxa1 20. Rxa1 cxd5 21. Ra8
Ng4 22. Bxg4 d4 23. Nd5 fxg4 24. Rxc8 Qd7 25. Rxf8+ Kxf8 26. Qxe4 dxe3 27. Qxe3
Qf5 28. Qe7+ Kg8 29. Qe8+ Kh7 30. Qg8+ Kxg8 31. Ne7+ Kf7 32. Nxf5 Bf6 33. Ne3
h5 34. Kf2 Ke6 35. Ke2 Bg7 36. Kd3 Bb2 37. Ke4 Ba1 38. f5+ Kd7 39. Kd5 Be5 40.
h3 gxh3 41. gxh3 Bf6 42. Nd1 Ke7 43. Nf2 Be5 44. Ne4 Bf4 45. f6+ Kd7 46. f7 Ke7
47. Nxd6 Bxd6 48. f8=Q+ Kxf8 49. Kxd6 1-0

[Event "Bad Woerishofen sen"]
[Site "?"]
[Date "2008.03.??"]
[Round "5"]
[White "Zunker, Reinhard Dr"]
[Black "Mueller, Manfred"]
[Result "1-0"]
[WhiteElo "2251"]
[BlackElo "2132"]
[PlyCount "33"]
[EventDate "2008.??.??"]
 
1. e4 c5 2. Nf3 Nc6 3. Nc3 g6 4. d4 cxd4 5. Nxd4 Bg7 6. Be3 Nf6 7. Be2 O-O 8.
Qd2 a6 9. O-O-O Qc7 10. f3 d6 11. g4 Be6 12. h4 Nxd4 13. Bxd4 Nd7 14. Bxg7 Kxg7
15. h5 Rh8 16. g5 Bc4 17. Qd4+ 1-0

[Event "Bad Woerishofen op"]
[Site "?"]
[Date "2008.03.04"]
[Round "6"]
[White "Epishin, Vladimir"]
[Black "Bronznik, Valeri"]
[Result "1-0"]
[WhiteElo "2577"]
[BlackElo "2377"]
[PlyCount "61"]
[EventDate "2008.??.??"]
 
1. d4 f5 2. Nf3 Nf6 3. g3 g6 4. Bg2 Bg7 5. b4 c6 6. O-O O-O 7. a4 d5 8. a5 Ne4
9. Bf4 Na6 10. c3 Nc7 11. Qc1 Nb5 12. Be5 Bf6 13. Rd1 Be6 14. Ne1 Nbd6 15. Nd3
Nc4 16. Na3 Ned6 17. Nxc4 Nxc4 18. Nc5 Bc8 19. Bf4 e6 20. h4 Qe7 21. Ra2 Rd8
22. Nd3 Bd7 23. Ne5 Nd6 24. f3 Be8 25. e4 Nf7 26. exf5 exf5 27. Re1 Qf8 28. Nd3
Rdc8 29. Nc5 Nd8 30. Rae2 Bf7 31. Nd7 1-0

[Event "Bad Woerishofen op"]
[Site "?"]
[Date "2008.03.04"]
[Round "6"]
[White "Zdebskaja, Natalia"]
[Black "Kunin, Vitaly"]
[Result "1/2-1/2"]
[WhiteElo "2313"]
[BlackElo "2538"]
[PlyCount "32"]
[EventDate "2008.??.??"]
 
1. e4 c5 2. Nf3 Nf6 3. e5 Nd5 4. Nc3 e6 5. Nxd5 exd5 6. d4 Nc6 7. c3 d6 8. Bb5
Be7 9. O-O O-O 10. exd6 Qxd6 11. dxc5 Qxc5 12. Qa4 Qd6 13. Bf4 Qg6 14. Ne5 Nxe5
15. Bxe5 Bf5 16. Qf4 Rac8 1/2-1/2

[Event "Bad Woerishofen op"]
[Site "?"]
[Date "2008.03.04"]
[Round "6"]
[White "Rolle, Eric"]
[Black "Iotov, Valentin"]
[Result "0-1"]
[WhiteElo "2213"]
[BlackElo "2495"]
[PlyCount "40"]
[EventDate "2008.??.??"]
 
1. c4 c5 2. Nc3 Nc6 3. g3 g6 4. Bg2 Bg7 5. Nf3 b6 6. O-O Bb7 7. e3 Na5 8. Qe2
Nh6 9. e4 Nc6 10. d3 O-O 11. h3 f5 12. Rb1 Nf7 13. a3 d6 14. exf5 gxf5 15. Nd5
Qd7 16. Re1 Nfe5 17. b4 Nxf3+ 18. Qxf3 Rae8 19. bxc5 Nd4 20. Nf6+ exf6 0-1

[Event "Bad Woerishofen op"]
[Site "?"]
[Date "2008.03.04"]
[Round "6"]
[White "Einwiller, Dieter"]
[Black "Teske, Henrik"]
[Result "0-1"]
[WhiteElo "2169"]
[BlackElo "2493"]
[PlyCount "120"]
[EventDate "2008.??.??"]
 
1. d4 d5 2. Bf4 Nc6 3. e3 Nf6 4. c4 e6 5. Nf3 Bd6 6. Bg5 h6 7. Bh4 dxc4 8. Bxc4
e5 9. d5 Ne7 10. Bxf6 gxf6 11. Nc3 a6 12. O-O f5 13. Nh4 Ng6 14. Nxg6 fxg6 15.
f4 O-O 16. a4 Qe7 17. Qf3 Kh7 18. g3 Bd7 19. Rac1 Rae8 20. Kg2 Qg7 21. h4 Re7
22. Rf2 Rfe8 23. Re2 Qf6 24. Bb3 exf4 25. exf4 Rxe2+ 26. Nxe2 Qxb2 27. Rc2 Qf6
28. Nc1 Qd4 29. Qd3 Re4 30. Qxd4 Rxd4 31. a5 Rb4 32. Rc3 Rb5 33. Nd3 Rxa5 34.
Ne5 Ba4 35. Nc4 Bxb3 36. Nxa5 Bxd5+ 37. Kh3 b6 38. Nc4 Bxc4 39. Rxc4 h5 40. Ra4
a5 41. Kg2 Kg7 42. Kf3 Kf6 43. Ra2 Ke6 44. Ke3 c6 45. Kd3 Bb4 46. Re2+ Kd7 47.
Kc4 b5+ 48. Kb3 Bd6 49. Ka2 a4 50. Kb1 c5 51. Rb2 b4 52. Ra2 a3 53. Rc2 Kc6 54.
Ka2 Bf8 55. Re2 c4 56. Re6+ Kd5 57. Rxg6 b3+ 58. Kb1 a2+ 59. Kb2 Ba3+ 60. Ka1
c3 0-1

[Event "Bad Woerishofen op"]
[Site "?"]
[Date "2008.03.04"]
[Round "6"]
[White "Karpatchev, Alexander"]
[Black "Vrana, Frantisek"]
[Result "1-0"]
[WhiteElo "2484"]
[BlackElo "2313"]
[PlyCount "79"]
[EventDate "2008.??.??"]
 
1. e4 c5 2. c3 d5 3. exd5 Qxd5 4. d4 Nf6 5. Nf3 e6 6. Na3 cxd4 7. Nb5 Qd8 8.
Nbxd4 Be7 9. Bd3 Nbd7 10. O-O O-O 11. Re1 a6 12. Bc2 Re8 13. Ng5 Nf8 14. Qf3
Qb6 15. a4 Bd7 16. a5 Qc7 17. Bf4 Bd6 18. Bxd6 Qxd6 19. Ne4 Nxe4 20. Bxe4 Bc8
21. Bxb7 Bxb7 22. Qxb7 Rab8 23. Qc6 Qxc6 24. Nxc6 Rxb2 25. Reb1 Rc2 26. Ra3 Ra8
27. Kf1 Ng6 28. g3 Rc8 29. Rb8 Rxb8 30. Nxb8 Ne5 31. Nxa6 Nc4 32. Ra1 Nd2+ 33.
Kg2 Ne4 34. Nb4 Rxf2+ 35. Kg1 Rd2 36. a6 Ng5 37. Ra2 Nf3+ 38. Kh1 Rd8 39. a7
Ra8 40. Nc6 1-0

[Event "Bad Woerishofen op"]
[Site "?"]
[Date "2008.03.04"]
[Round "6"]
[White "Pirrot, Dieter"]
[Black "De, Francesco Klaus"]
[Result "0-1"]
[WhiteElo "2429"]
[BlackElo "2300"]
[PlyCount "52"]
[EventDate "2008.??.??"]
 
1. e4 e6 2. d4 d5 3. e5 c5 4. c3 Nc6 5. Nf3 Qb6 6. Bd3 cxd4 7. cxd4 Bd7 8. O-O
Nxd4 9. Nbd2 Nc6 10. Nb3 Nge7 11. Be3 Qc7 12. Rc1 Ng6 13. Nc5 Ngxe5 14. Nxe5
Qxe5 15. b4 Bxc5 16. Bxc5 b6 17. Re1 Qb8 18. b5 bxc5 19. bxc6 Bxc6 20. Qh5 Qd6
21. Rcd1 h6 22. Re5 O-O 23. Rde1 c4 24. Bc2 d4 25. g4 d3 26. Bd1 f6 0-1

[Event "Bad Woerishofen op"]
[Site "?"]
[Date "2008.03.04"]
[Round "6"]
[White "Rozentalis, Eduardas"]
[Black "Vogel, Robert"]
[Result "1-0"]
[WhiteElo "2567"]
[BlackElo "2294"]
[PlyCount "39"]
[EventDate "2008.??.??"]
 
1. e4 g6 2. d4 Bg7 3. Nf3 d6 4. Nc3 Nf6 5. Be2 O-O 6. O-O c6 7. a4 Qc7 8. Bf4
Nh5 9. Be3 e5 10. Qd2 Nd7 11. Rfd1 Re8 12. dxe5 dxe5 13. Ng5 Nhf6 14. Bc4 Re7
15. Qe2 h6 16. Bxf7+ Rxf7 17. Nxf7 Kxf7 18. Qc4+ Kf8 19. Nb5 Qd8 20. Bc5+ 1-0

[Event "Bad Woerishofen op"]
[Site "?"]
[Date "2008.03.04"]
[Round "6"]
[White "Galdunts, Sergey"]
[Black "Gerstner, Bernhard"]
[Result "1/2-1/2"]
[WhiteElo "2483"]
[BlackElo "2170"]
[PlyCount "67"]
[EventDate "2008.??.??"]
 
1. e4 e5 2. Nf3 Nc6 3. Bc4 Nf6 4. d3 Bc5 5. c3 a6 6. Nbd2 Ba7 7. Bb3 O-O 8. h3
d5 9. Qe2 h6 10. Nf1 Be6 11. Bc2 dxe4 12. dxe4 b5 13. Ne3 Re8 14. Nh4 Ne7 15.
O-O Ng6 16. Rd1 Qe7 17. Nhf5 Qf8 18. Qf3 Nf4 19. Ng4 Nxg4 20. hxg4 Ng6 21. a4
Bb6 22. g3 Rad8 23. Kg2 Rxd1 24. Bxd1 Rd8 25. axb5 axb5 26. Be2 b4 27. cxb4
Qxb4 28. Nxg7 Kxg7 29. Bxh6+ Kxh6 30. Qf6 Kh7 31. Rh1+ Kg8 32. Qxd8+ Kg7 33.
Qd3 Qxb2 34. g5 1/2-1/2

[Event "Bad Woerishofen op"]
[Site "?"]
[Date "2008.03.04"]
[Round "6"]
[White "Knitl, Anton"]
[Black "Lupor, Stefan"]
[Result "1/2-1/2"]
[WhiteElo "2215"]
[BlackElo "2312"]
[PlyCount "79"]
[EventDate "2008.??.??"]
 
1. d4 Nf6 2. Nf3 g6 3. c4 Bg7 4. Nc3 d5 5. Bg5 Ne4 6. Bh4 Nxc3 7. bxc3 dxc4 8.
Qa4+ Qd7 9. Qxc4 b6 10. e3 Ba6 11. Qb3 Bxf1 12. Kxf1 O-O 13. Ke2 c5 14. Rhd1
cxd4 15. cxd4 Nc6 16. Rac1 Rfc8 17. Kf1 Na5 18. Qb1 e6 19. Nd2 Rxc1 20. Rxc1 e5
21. Nf3 exd4 22. Rd1 Nc4 23. Nxd4 Rc8 24. Qb5 Qg4 25. Nf3 Nb2 26. Rd8+ Rxd8 27.
Bxd8 Qe4 28. Ne1 Nc4 29. Qd7 Bc3 30. Qd3 Qxd3+ 31. Nxd3 f6 32. Bc7 Kf7 33. Ke2
b5 34. Kd1 Ne5 35. Bxe5 Bxe5 36. f4 Bd6 37. e4 Ke6 38. g4 a6 39. h3 Be7 40. Ke2
1/2-1/2

[Event "Bad Woerishofen op"]
[Site "?"]
[Date "2008.03.04"]
[Round "6"]
[White "Stuemer, Paul"]
[Black "Lupor, Andre"]
[Result "0-1"]
[WhiteElo "2160"]
[BlackElo "2308"]
[PlyCount "74"]
[EventDate "2008.??.??"]
 
1. e4 c5 2. Nf3 Nc6 3. d3 g6 4. g3 Bg7 5. Bg2 d6 6. O-O e5 7. c3 Nge7 8. a3 O-O
9. b4 a6 10. Be3 b6 11. d4 exd4 12. cxd4 Bg4 13. Nbd2 Nxd4 14. h3 Nxf3+ 15.
Nxf3 Be6 16. Rc1 h6 17. Qd2 Kh7 18. Rfd1 Bb3 19. Re1 Rc8 20. Bf4 d5 21. exd5
Nxd5 22. Be5 c4 23. Qd4 f6 24. Nd2 Nxb4 25. axb4 fxe5 26. Qe3 Qd4 27. Be4 Qxe3
28. fxe3 h5 29. Nf3 Bf6 30. Bb7 Rc7 31. Bxa6 c3 32. Bd3 c2 33. g4 hxg4 34. hxg4
e4 35. Bxe4 Bb2 36. Ng5+ Kh6 37. Ne6 Bxe6 0-1

[Event "Bad Woerishofen op"]
[Site "?"]
[Date "2008.03.04"]
[Round "6"]
[White "Sydow, Hardy"]
[Black "Espig, Lutz"]
[Result "0-1"]
[WhiteElo "2145"]
[BlackElo "2326"]
[PlyCount "94"]
[EventDate "2008.??.??"]
 
1. e4 c5 2. c3 d5 3. exd5 Qxd5 4. d4 e6 5. Nf3 Nf6 6. Be2 Be7 7. O-O O-O 8. c4
Qd8 9. Nc3 cxd4 10. Nxd4 a6 11. Be3 Qc7 12. Qc2 b6 13. Bf3 Bb7 14. Qe2 Nbd7 15.
Bxb7 Qxb7 16. Rac1 Rac8 17. b3 Rfe8 18. Rfd1 Ba3 19. Rc2 Bb4 20. Qf3 Qxf3 21.
Nxf3 b5 22. Ne2 bxc4 23. Rxc4 Rxc4 24. bxc4 Rc8 25. Rc1 Ng4 26. Bd2 Bc5 27. Be1
Nde5 28. Nxe5 Nxe5 29. Ng3 Ba3 30. Rc2 Rxc4 31. Rxc4 Nxc4 32. Kf1 Kf8 33. Ke2
Ke7 34. Bc3 g6 35. Kd3 Nb6 36. Ne2 Bc5 37. Be1 e5 38. g3 f5 39. Nc1 Kd6 40. Nb3
e4+ 41. Kc2 Ba3 42. Na5 Kd5 43. Kb3 Bc5 44. Kc3 Nd7 45. Nc4 Ne5 46. Nxe5 Kxe5
47. Kc4 Kd6 0-1

[Event "Bad Woerishofen op"]
[Site "?"]
[Date "2008.03.04"]
[Round "6"]
[White "Loew, Gerald"]
[Black "Heppell, Ian"]
[Result "1-0"]
[WhiteElo "2287"]
[BlackElo "2155"]
[PlyCount "61"]
[EventDate "2008.??.??"]
 
1. c4 e5 2. g3 Nc6 3. Bg2 f5 4. Nc3 Nf6 5. d3 Bb4 6. Bd2 O-O 7. a3 Bxc3 8. Bxc3
d6 9. b4 Qe8 10. Nf3 Qh5 11. Qd2 Bd7 12. h4 Rae8 13. Qg5 Qf7 14. b5 Nd8 15. Qe3
f4 16. gxf4 exf4 17. Qxa7 Qg6 18. Kf1 Ne6 19. Qa4 Nc5 20. Qd1 h5 21. a4 Bf5 22.
Ra2 Ng4 23. a5 Re3 24. Bd4 Nxf2 25. Kxf2 Rxf3+ 26. Bxf3 Qg3+ 27. Kf1 Bh3+ 28.
Rxh3 Qxh3+ 29. Bg2 Qg4 30. Bxc5 dxc5 31. a6 1-0

[Event "Bad Woerishofen op"]
[Site "?"]
[Date "2008.03.04"]
[Round "6"]
[White "Wacker, Peter"]
[Black "Babar, Michael"]
[Result "0-1"]
[WhiteElo "2269"]
[BlackElo "2145"]
[PlyCount "70"]
[EventDate "2008.??.??"]
 
1. e4 c5 2. Nf3 d6 3. d4 cxd4 4. Qxd4 Bd7 5. c4 Nc6 6. Qd2 Nf6 7. Nc3 g6 8. b3
Bg7 9. Bb2 O-O 10. Bd3 Bg4 11. Ng1 a6 12. f3 Bd7 13. Nge2 Ne5 14. Nd4 Qa5 15.
Be2 Rab8 16. a4 Nc6 17. Nc2 Rfe8 18. Rb1 Nb4 19. Na3 Qc5 20. Rc1 Qb6 21. c5
dxc5 22. e5 Nfd5 23. Nxd5 Nxd5 24. Qxd5 Be6 25. Qd2 Qxb3 26. Bd1 Qb6 27. a5 Qc7
28. Qc3 b5 29. axb6 Qxb6 30. Ba1 c4 31. Bc2 Bh6 32. Rb1 Qc7 33. Ke2 Rxb1 34.
Nxb1 Rd8 35. Qa3 Rd2+ 0-1

[Event "Bad Woerishofen op"]
[Site "?"]
[Date "2008.03.04"]
[Round "6"]
[White "v.Wantoch, Rk.Daniela"]
[Black "Weidlich, Guenter"]
[Result "1/2-1/2"]
[WhiteElo "2258"]
[BlackElo "2145"]
[PlyCount "38"]
[EventDate "2008.??.??"]
 
1. c4 Nf6 2. Nf3 c6 3. e3 d5 4. d4 Bf5 5. Nc3 e6 6. Be2 h6 7. O-O Nbd7 8. b3
Bd6 9. Bb2 O-O 10. Nd2 Qe7 11. c5 Bc7 12. f4 Bh7 13. Qe1 Ne4 14. Ndxe4 Bxe4 15.
Nxe4 dxe4 16. b4 f5 17. b5 Nf6 18. a4 Nd5 19. Bc4 g5 1/2-1/2

[Event "Bad Woerishofen op"]
[Site "?"]
[Date "2008.03.04"]
[Round "6"]
[White "Kimmich, Bernd"]
[Black "Husser, Oskar"]
[Result "1-0"]
[WhiteElo "1814"]
[BlackElo "2016"]
[PlyCount "109"]
[EventDate "2008.??.??"]
 
1. d4 Nf6 2. c4 e5 3. dxe5 Ng4 4. Nf3 Bc5 5. e3 Nc6 6. Nc3 Ngxe5 7. Be2 d6 8.
a3 a6 9. O-O O-O 10. b4 Ba7 11. b5 Nxf3+ 12. Bxf3 axb5 13. cxb5 Ne5 14. Be2 Bc5
15. Ne4 Bb6 16. Bb2 Bf5 17. Ng3 Be6 18. Qc2 Qh4 19. Qc3 f6 20. Nh5 Bf7 21. g3
Qe4 22. Nf4 g5 23. Ng2 Bd5 24. f3 Qg6 25. Kh1 h5 26. e4 Be6 27. f4 Qxe4 28.
fxe5 Qxe2 29. exf6 Kf7 30. Rae1 Qc4 31. Qxc4 Bxc4 32. Re7+ Kg6 33. Rg7+ Kh6 34.
h4 Rxf6 35. Bxf6 g4 36. Re1 Rf8 37. Nf4 Rxf6 38. Ree7 Rxf4 39. gxf4 Bf2 40.
Rh7+ Kg6 41. Reg7+ Kf5 42. Rxh5+ Kxf4 43. Rhg5 Be2 44. Rf7+ Kg3 45. h5 Bf3+ 46.
Rxf3+ Kxf3 47. Rf5+ Ke3 48. Kg2 Be1 49. h6 Bc3 50. h7 Kd3 51. a4 Ke4 52. Rf7 d5
53. Rxc7 Bf6 54. Rxb7 d4 55. Rd7 1-0

[Event "Bad Woerishofen op"]
[Site "?"]
[Date "2008.03.04"]
[Round "6"]
[White "Wiesbeck, Florian"]
[Black "Reitz, Rolf"]
[Result "1-0"]
[WhiteElo "1992"]
[BlackElo "2193"]
[PlyCount "59"]
[EventDate "2008.??.??"]
 
1. d4 d5 2. Nf3 Nf6 3. c4 e6 4. Nc3 c6 5. cxd5 exd5 6. Bg5 Be7 7. e3 Nbd7 8.
Bd3 O-O 9. Qc2 Re8 10. O-O Nf8 11. Rab1 a5 12. a3 g6 13. b4 axb4 14. axb4 Ne6
15. Bxf6 Bxf6 16. Rfc1 Bg7 17. Na4 Bf8 18. b5 Re7 19. bxc6 bxc6 20. Ne5 Rc7 21.
Nb6 Ra3 22. Nxc6 Qe8 23. Nxd5 Qxc6 24. Qxc6 Rxc6 25. Rxc6 Rxd3 26. Rxc8 Kg7 27.
Kf1 h5 28. h4 g5 29. hxg5 Nxg5 30. Nf4 1-0

[Event "Bad Woerishofen op"]
[Site "?"]
[Date "2008.03.04"]
[Round "6"]
[White "Stoffel, Matthias"]
[Black "Poppeler, Alois"]
[Result "1-0"]
[WhiteElo "2071"]
[BlackElo "2172"]
[PlyCount "70"]
[EventDate "2008.??.??"]
 
1. d4 d5 2. Nf3 Nf6 3. c4 e6 4. Nc3 Bb4 5. a3 Bxc3+ 6. bxc3 c6 7. Qc2 Qa5 8.
Nd2 O-O 9. f4 Ne4 10. Nxe4 dxe4 11. e3 f5 12. Be2 c5 13. O-O Qc7 14. a4 Na6 15.
Ba3 b6 16. Kh1 Qe7 17. Rg1 Kh8 18. Qb2 Bd7 19. a5 Rfb8 20. axb6 axb6 21. Ra2
Bc6 22. g4 g6 23. gxf5 gxf5 24. Qd2 Be8 25. Rga1 Nc7 26. Bf1 Rd8 27. d5 Qd6 28.
Qd4+ cxd4 29. Bxd6 Rxd6 30. Rxa8 Nxa8 31. Rxa8 dxc3 32. Rxe8+ Kg7 33. Ra8 b5
34. cxb5 Rxd5 35. Rc8 Rd1 1-0

[Event "Bad Woerishofen op"]
[Site "?"]
[Date "2008.03.04"]
[Round "6"]
[White "Schellmann, Frank"]
[Black "Skembris, Spyridon"]
[Result "0-1"]
[WhiteElo "2183"]
[BlackElo "2469"]
[PlyCount "34"]
[EventDate "2008.??.??"]
 
1. e4 e5 2. Nf3 Nf6 3. d4 Nxe4 4. Bd3 d5 5. Nxe5 Nd7 6. Nxd7 Bxd7 7. O-O Qh4 8.
g3 Qf6 9. Nc3 Nxc3 10. bxc3 O-O-O 11. Rb1 h5 12. Bf4 h4 13. Qd2 Bh3 14. Rfe1 g5
15. Bxg5 Qf3 16. Bf1 Bxf1 17. Rxf1 h3 0-1